US Elections - Old Faithful States - Statistics

General Stats
  • This quiz has been taken 91 times
  • The average score is 26 of 31
Answer Stats
Hint Answer % Correct
South Dakota
93%
Washington
93%
48 years Democrat Minnesota
91%
North Dakota
91%
Texas
91%
Wyoming
91%
Nebraska
90%
36 years Democrat New York
90%
44 years Republican Alabama
89%
56 years Republican Alaska
89%
Maine
89%
South Carolina
89%
Vermont
89%
Kentucky
88%
Maryland
88%
Oregon
88%
32 years Democrat California
87%
Idaho
85%
Connecticut
84%
Tennessee
84%
Mississippi
83%
Oklahoma
83%
Rhode Island
83%
Utah
83%
Illinois
82%
24 years Republican Arkansas
80%
Missouri
80%
New Jersey
80%
West Virginia
78%
Louisiana
74%
60 years Democrat District of Columbia
30%
No matching quizzes found
Score Distribution
Percent of People with Each Score
Percentile by Number Answered
Your Score History
You have not taken this quiz